| 000 | 00699nam a2200241 a 4500 | ||
|---|---|---|---|
| 001 | 56786 | ||
| 003 | BD-RjUL | ||
| 005 | 20211209080431.0 | ||
| 008 | 161204s1954 enka 001 0 eng u | ||
| 035 | _a(BD-RjUL)56910 | ||
| 040 |
_aBD-RjUL _beng _cBD-RjUL _dBD-RjUL |
||
| 041 | _aeng | ||
| 082 |
_223 _a299.6 _bNAN 1954 |
||
| 100 | 1 |
_aNadel, S. F. _9168870 |
|
| 245 | 1 | 0 |
_aNupe religion / _cS. F. Nadel |
| 260 |
_aLondon : _bRoutledge & Kegan Paul, _c1954. |
||
| 300 |
_ax, 288 p. : _bill. ; _c23 cm. |
||
| 500 | _aIncludes index | ||
| 650 | 0 |
_aNupe (African people) _xReligion _9168871 |
|
| 650 | 0 |
_aIslam _zAfrica _9139771 |
|
| 650 | 0 |
_zAfrica _vWest -- Religious life _9168872 |
|
| 942 |
_2ddc _cBK |
||
| 999 |
_c56786 _d56786 |
||